[Event "British Columbia - Alberta Masters A"]
[Site "Victoria CAN"]
[Date "2001.06.15"]
[Round "5"]
[White "Stanford, Mike"]
[Black "Gardner, Robert"]
[Result "1/2-1/2"]
[WhiteElo "2167"]
[BlackElo "2318"]
[PlyCount "81"]
[GameId "2160767911564483"]
[EventDate "2001.06.15"]
[EventType "tourn"]
[EventRounds "5"]
[EventCountry "CAN"]
[SourceTitle "EXT 2022"]
[Source "ChessBase"]
[SourceDate "2021.10.06"]
[SourceVersion "1"]
[SourceVersionDate "2021.10.06"]
[SourceQuality "1"]

1. e4 c5 2. Nf3 d6 3. d4 cxd4 4. Nxd4 Nf6 5. Nc3 a6 6. Bg5 e6 7. f4 Nc6 8. Nxc6 bxc6 9. e5 dxe5 10. Qxd8+ Kxd8 11. fxe5 h6 12. Bh4 g5 13. exf6 gxh4 14. Be2 Rg8 15. O-O-O+ Kc7 16. Bh5 Bd6 17. Rdf1 Rf8 18. Ne4 Be5 19. c3 Rb8 20. Be2 Rg8 21. g3 hxg3 22. hxg3 Bxg3 23. Rxh6 e5 24. Nxg3 Rxg3 25. Bc4 Rh3 26. Rxh3 Bxh3 27. Re1 Kd6 28. Bxf7 Rf8 29. Bc4 a5 30. f7 Be6 31. Bxe6 Kxe6 32. Rf1 Rxf7 33. Rxf7 Kxf7 34. Kd2 Ke6 35. b3 e4 36. Ke2 Ke5 37. Ke3 c5 38. a3 Kf5 39. b4 cxb4 40. cxb4 axb4 41. axb4 1/2-1/2

[Event "British Columbia - Alberta Masters B"]
[Site "Victoria CAN"]
[Date "2001.06.13"]
[Round "1"]
[White "Milicevic, Dragoljub"]
[Black "Ferguson, Jim"]
[Result "0-1"]
[WhiteElo "2319"]
[BlackElo "2237"]
[PlyCount "70"]
[GameId "2160767911564484"]
[EventDate "2001.06.15"]
[EventType "tourn"]
[EventRounds "5"]
[EventCountry "CAN"]
[SourceTitle "EXT 2022"]
[Source "ChessBase"]
[SourceDate "2021.10.06"]
[SourceVersion "1"]
[SourceVersionDate "2021.10.06"]
[SourceQuality "1"]

1. Nf3 g6 2. g3 Bg7 3. Bg2 d6 4. d4 Nf6 5. c4 O-O 6. Nc3 Nbd7 7. O-O e5 8. e4 c6 9. h3 Qb6 10. c5 dxc5 11. dxe5 Ne8 12. Na4 Qa6 13. Be3 b6 14. Re1 Nc7 15. Nd2 Nxe5 16. Bf1 Nd3 17. Bxc5 Rd8 18. Re3 bxc5 19. Nxc5 Nxb2 20. Qc2 Qa5 21. Ndb3 Qb6 22. e5 Rb8 23. Rc1 Bh6 24. f4 Na4 25. Qf2 Nxc5 26. Nxc5 Bf8 27. Rb3 Nb5 28. a4 Rd1 29. Nd3 Rxc1 30. Qxb6 Rxf1+ 31. Kxf1 Rxb6 32. axb5 cxb5 33. g4 Be6 34. Rc3 Bc4 35. Rc2 Bxd3+ 0-1

[Event "British Columbia - Alberta Masters B"]
[Site "Victoria CAN"]
[Date "2001.06.13"]
[Round "1"]
[White "Wu, Howard"]
[Black "Haessel, Dale"]
[Result "1-0"]
[WhiteElo "2220"]
[BlackElo "2270"]
[PlyCount "66"]
[GameId "2160767911564485"]
[EventDate "2001.06.15"]
[EventType "tourn"]
[EventRounds "5"]
[EventCountry "CAN"]
[SourceTitle "EXT 2022"]
[Source "ChessBase"]
[SourceDate "2021.10.06"]
[SourceVersion "1"]
[SourceVersionDate "2021.10.06"]
[SourceQuality "1"]

1. e4 c5 2. Nf3 d6 3. d4 cxd4 4. Nxd4 Nf6 5. Nc3 a6 6. Bg5 e6 7. f4 Nc6 8. Qd2 h6 9. Bxf6 gxf6 10. O-O-O Qc7 11. f5 Bd7 12. Bc4 Nxd4 13. Qxd4 Be7 14. Rhf1 b5 15. Bb3 Qc5 16. Qd3 b4 17. Ne2 Bb5 18. Qf3 Qe5 19. fxe6 fxe6 20. Rfe1 a5 21. Nf4 Bd7 22. h4 Kf7 23. Bd5 Rag8 24. g4 Bd8 25. Bc4 Qc5 26. b3 Qe5 27. Kb1 Ke7 28. h5 a4 29. bxa4 Qc5 30. Bb3 Rh7 31. Ng6+ Ke8 32. Qd3 Bc7 33. e5 fxe5 1-0

[Event "British Columbia - Alberta Masters B"]
[Site "Victoria CAN"]
[Date "2001.06.13"]
[Round "1"]
[White "Yoos, John"]
[Black "Leblanc, Paul"]
[Result "1-0"]
[WhiteElo "2424"]
[BlackElo "2115"]
[PlyCount "83"]
[GameId "2160767911564486"]
[EventDate "2001.06.15"]
[EventType "tourn"]
[EventRounds "5"]
[EventCountry "CAN"]
[SourceTitle "EXT 2022"]
[Source "ChessBase"]
[SourceDate "2021.10.06"]
[SourceVersion "1"]
[SourceVersionDate "2021.10.06"]
[SourceQuality "1"]

1. e4 c6 2. d4 d5 3. e5 c5 4. dxc5 Nc6 5. Nf3 Bg4 6. Bb5 e6 7. b4 Qc7 8. O-O Bxf3 9. Qxf3 Qxe5 10. Nc3 Be7 11. Bb2 Nf6 12. Rad1 Qc7 13. a3 O-O 14. Bd3 a5 15. Qh3 h6 16. Nb5 Qf4 17. c3 Ne5 18. Bb1 Rfd8 19. Rd4 Ne4 20. Bc1 Qf5 21. Qxf5 exf5 22. f3 Nf6 23. Bxf5 g6 24. Bc2 Nc6 25. Rdd1 Bf8 26. Bb3 Rd7 27. Bf4 Bg7 28. Rfe1 Nh5 29. Bd6 d4 30. g4 Nf6 31. Nxd4 Ne8 32. Nb5 Nxd6 33. Rxd6 Rxd6 34. cxd6 Rd8 35. Rd1 Ne5 36. Kf2 h5 37. gxh5 gxh5 38. c4 axb4 39. axb4 Nc6 40. Rd5 Be5 41. c5 f6 42. Rxe5+ 1-0

[Event "British Columbia - Alberta Masters B"]
[Site "Victoria CAN"]
[Date "2001.06.14"]
[Round "2"]
[White "Yoos, John"]
[Black "Wu, Howard"]
[Result "1-0"]
[WhiteElo "2424"]
[BlackElo "2220"]
[PlyCount "62"]
[GameId "2160767911564491"]
[EventDate "2001.06.15"]
[EventType "tourn"]
[EventRounds "5"]
[EventCountry "CAN"]
[SourceTitle "EXT 2022"]
[Source "ChessBase"]
[SourceDate "2021.10.06"]
[SourceVersion "1"]
[SourceVersionDate "2021.10.06"]
[SourceQuality "1"]

1. e4 c5 2. Nf3 d6 3. d4 cxd4 4. Nxd4 Nf6 5. Nc3 g6 6. Be3 Bg7 7. f3 O-O 8. Qd2 Nc6 9. Bc4 Bd7 10. O-O-O Qb8 11. Nd5 Nxd5 12. Bxd5 Rc8 13. h4 Qc7 14. Kb1 Nxd4 15. Bxd4 Bxd4 16. Qxd4 Qxc2+ 17. Ka1 Rc7 18. h5 Rac8 19. Qe3 Be6 20. hxg6 Bxd5 21. Qh6 fxg6 22. Qxh7+ Kf8 23. Qh6+ Kf7 24. exd5 Rc4 25. Rde1 e5 26. dxe6+ Kf6 27. e7 Rb4 28. Qf8+ Kg5 29. f4+ Kg4 30. Qxc8+ Qxc8 31. e8=Q Qc2 1-0

[Event "British Columbia - Alberta Masters B"]
[Site "Victoria CAN"]
[Date "2001.06.14"]
[Round "3"]
[White "Ferguson, Jim"]
[Black "Wu, Howard"]
[Result "1/2-1/2"]
[WhiteElo "2237"]
[BlackElo "2220"]
[PlyCount "58"]
[GameId "2160767911564492"]
[EventDate "2001.06.15"]
[EventType "tourn"]
[EventRounds "5"]
[EventCountry "CAN"]
[SourceTitle "EXT 2022"]
[Source "ChessBase"]
[SourceDate "2021.10.06"]
[SourceVersion "1"]
[SourceVersionDate "2021.10.06"]
[SourceQuality "1"]

1. e4 c5 2. Nc3 Nc6 3. Bb5 g6 4. Bxc6 bxc6 5. Nf3 Bg7 6. O-O Nf6 7. d3 O-O 8. h3 d6 9. Bd2 e5 10. Nh2 Qb6 11. Rb1 Be6 12. b3 Nd7 13. Qc1 Qd8 14. Nf3 f6 15. Ne2 Nb6 16. Ng3 Qe8 17. Nh4 f5 18. exf5 gxf5 19. f4 Qe7 20. Nf3 Bd5 21. fxe5 dxe5 22. Bh6 f4 23. Bxg7 Qxg7 24. Ne4 Rf5 25. c4 Bxe4 26. dxe4 Rh5 27. Qb2 Nd7 28. Rbd1 Nf8 29. Rd6 Re8 1/2-1/2

[Event "British Columbia - Alberta Masters B"]
[Site "Victoria CAN"]
[Date "2001.06.14"]
[Round "3"]
[White "Haessel, Dale"]
[Black "Yoos, John"]
[Result "0-1"]
[WhiteElo "2270"]
[BlackElo "2424"]
[PlyCount "144"]
[GameId "2160767911564493"]
[EventDate "2001.06.15"]
[EventType "tourn"]
[EventRounds "5"]
[EventCountry "CAN"]
[SourceTitle "EXT 2022"]
[Source "ChessBase"]
[SourceDate "2021.10.06"]
[SourceVersion "1"]
[SourceVersionDate "2021.10.06"]
[SourceQuality "1"]

1. c4 e5 2. g3 Nf6 3. Bg2 d5 4. cxd5 Nxd5 5. d3 Be7 6. Nf3 Nc6 7. O-O O-O 8. b3 Re8 9. Bb2 Bf8 10. Nbd2 Bg4 11. Rc1 f6 12. Ne4 Rb8 13. h3 Be6 14. Nc5 Bxc5 15. Rxc5 Qd7 16. Kh2 Rbd8 17. a3 Nb6 18. b4 e4 19. Ne1 Nc4 20. Qc1 Nxb2 21. Qxb2 Bf5 22. dxe4 Bxe4 23. Nf3 b6 24. Rc3 Ne7 25. Rfc1 Nd5 26. Rc4 f5 27. Ne5 Qd6 28. Nf3 Qh6 29. Rc6 Rd6 30. Nd4 Bxg2 31. Kxg2 Qf6 32. Rxd6 cxd6 33. Qd2 f4 34. Nf3 Qf5 35. Rd1 Nf6 36. gxf4 h6 37. e3 Qg6+ 38. Kh2 Qh5 39. Nd4 Ne4 40. Qa2+ Kh8 41. Rg1 b5 42. Qb2 Rg8 43. Qc2 Qd5 44. f3 Nf6 45. Qg6 Qh5 46. Qxh5 Nxh5 47. Nxb5 Re8 48. e4 Nxf4 49. Nxd6 Re6 50. Rd1 Kg8 51. b5 Re5 52. Rc1 Rh5 53. Rc8+ Kh7 54. Kg3 Ne2+ 55. Kf2 Nd4 56. Rc7 Rxh3 57. Rxa7 Rxf3+ 58. Kg2 Rb3 59. a4 h5 60. Nf5 Ne6 61. Re7 Nc5 62. Rxg7+ Kh8 63. Ra7 Nxe4 64. Nd4 Rb4 65. Nc6 Rb3 66. Rb7 h4 67. a5 h3+ 68. Kh2 Ng5 69. Ne5 Rb2+ 70. Kh1 Ne4 71. Nf3 Ng3+ 72. Kg1 Rg2# 0-1

[Event "British Columbia - Alberta Masters B"]
[Site "Victoria CAN"]
[Date "2001.06.14"]
[Round "3"]
[White "Milicevic, Dragoljub"]
[Black "Leblanc, Paul"]
[Result "1-0"]
[WhiteElo "2319"]
[BlackElo "2115"]
[PlyCount "143"]
[GameId "2160767911564494"]
[EventDate "2001.06.15"]
[EventType "tourn"]
[EventRounds "5"]
[EventCountry "CAN"]
[SourceTitle "EXT 2022"]
[Source "ChessBase"]
[SourceDate "2021.10.06"]
[SourceVersion "1"]
[SourceVersionDate "2021.10.06"]
[SourceQuality "1"]

1. Nf3 d5 2. g3 Nf6 3. Bg2 Bf5 4. d3 c6 5. O-O Nbd7 6. Nfd2 e6 7. e4 dxe4 8. dxe4 Bg6 9. Qe2 Qc7 10. a4 a5 11. Nc3 Bb4 12. Nd1 O-O 13. h3 Nh5 14. Bf3 Nhf6 15. Nb3 h6 16. Bg2 Nh5 17. Bf3 Nhf6 18. g4 Nc5 19. Nxc5 Bxc5 20. Kg2 Qe5 21. Nc3 Bd6 22. Rh1 Rad8 23. h4 Rd7 24. g5 hxg5 25. hxg5 Nh7 26. Bh5 Nxg5 27. Rh4 Bc5 28. Bf4 Bxe4+ 29. f3 Nxf3 30. Bxf3 Bxf3+ 31. Qxf3 Qf5 32. Qe4 Be7 33. Qxf5 exf5 34. Rh3 g5 35. Rg3 f6 36. Be3 f4 37. Bxf4 Kf7 38. Be3 Rfd8 39. Rf1 Kg6 40. Ne4 Rd1 41. Rxd1 Rxd1 42. Kf3 Rd5 43. c4 Rf5+ 44. Ke2 Re5 45. Kd3 Bd8 46. Bf4 Rf5 47. Be3 Bc7 48. Rg2 Rf1 49. Nc5 Rd1+ 50. Kc2 Re1 51. Kd2 Rb1 52. Bd4 Rf1 53. Nxb7 Bf4+ 54. Ke2 Rh1 55. Nxa5 f5 56. Nxc6 g4 57. Nb4 Bc7 58. Nc6 Kg5 59. Be3+ f4 60. Bxf4+ Bxf4 61. a5 Rh8 62. b4 Kh4 63. a6 Kh3 64. Rxg4 Kxg4 65. a7 Ra8 66. Kd3 Kf5 67. c5 Ke6 68. Kc4 Kd7 69. Kb5 Re8 70. Kb6 Bg3 71. Kb7 Bf4 72. Nb8+ 1-0

[Event "British Columbia - Alberta Masters B"]
[Site "Victoria CAN"]
[Date "2001.06.14"]
[Round "4"]
[White "Yoos, John"]
[Black "Ferguson, Jim"]
[Result "1-0"]
[WhiteElo "2424"]
[BlackElo "2237"]
[PlyCount "57"]
[GameId "2160767911564495"]
[EventDate "2001.06.15"]
[EventType "tourn"]
[EventRounds "5"]
[EventCountry "CAN"]
[SourceTitle "EXT 2022"]
[Source "ChessBase"]
[SourceDate "2021.10.06"]
[SourceVersion "1"]
[SourceVersionDate "2021.10.06"]
[SourceQuality "1"]

1. e4 c5 2. Nf3 d6 3. d4 cxd4 4. Nxd4 Nf6 5. Nc3 a6 6. Bg5 e6 7. f4 Nc6 8. Nxc6 bxc6 9. e5 h6 10. Bh4 g5 11. fxg5 Nd5 12. Ne4 Qb6 13. Bd3 hxg5 14. Bxg5 Qxb2 15. O-O Qxe5 16. h3 f5 17. Qf3 Ra7 18. Nf2 Qg7 19. Bd2 e5 20. c4 Be6 21. Rab1 e4 22. Rb8+ Ke7 23. Bxe4 fxe4 24. Nxe4 Qd4+ 25. Kh1 Qxc4 26. Bg5+ Kd7 27. Rxf8 Rxf8 28. Qxf8 Qxe4 29. Qd8# 1-0

[Event "British Columbia - Alberta Masters B"]
[Site "Victoria CAN"]
[Date "2001.06.15"]
[Round "4"]
[White "Leblanc, Paul"]
[Black "Haessel, Dale"]
[Result "1-0"]
[WhiteElo "2115"]
[BlackElo "2270"]
[PlyCount "40"]
[GameId "2160767911564496"]
[EventDate "2001.06.15"]
[EventType "tourn"]
[EventRounds "5"]
[EventCountry "CAN"]
[SourceTitle "EXT 2022"]
[Source "ChessBase"]
[SourceDate "2021.10.06"]
[SourceVersion "1"]
[SourceVersionDate "2021.10.06"]
[SourceQuality "1"]

1. d4 g6 2. Nf3 Bg7 3. c3 d6 4. Bf4 Nd7 5. e3 e5 6. dxe5 dxe5 7. Bg5 Ne7 8. Nbd2 O-O 9. Bc4 Kh8 10. Qc2 f6 11. Bh4 Nf5 12. Bg3 c6 13. O-O-O b5 14. Bb3 Nc5 15. h4 Nxg3 16. Ne4 Ngxe4 17. Rxd8 Rxd8 18. h5 g5 19. h6 Bf8 20. Ne1 Rd2 1-0

[Event "British Columbia - Alberta Masters B"]
[Site "Victoria CAN"]
[Date "2001.06.15"]
[Round "4"]
[White "Wu, Howard"]
[Black "Milicevic, Dragoljub"]
[Result "0-1"]
[WhiteElo "2220"]
[BlackElo "2319"]
[PlyCount "62"]
[GameId "2160767911564497"]
[EventDate "2001.06.15"]
[EventType "tourn"]
[EventRounds "5"]
[EventCountry "CAN"]
[SourceTitle "EXT 2022"]
[Source "ChessBase"]
[SourceDate "2021.10.06"]
[SourceVersion "1"]
[SourceVersionDate "2021.10.06"]
[SourceQuality "1"]

1. e4 d6 2. d4 Nf6 3. Nc3 g6 4. Nf3 Bg7 5. Bc4 O-O 6. O-O c6 7. a4 Qc7 8. h3 e5 9. dxe5 dxe5 10. Qe2 Nh5 11. Rd1 Nd7 12. Be3 Nf4 13. Qf1 b6 14. Rd2 Nf6 15. Rad1 h6 16. Bxf4 exf4 17. e5 Nh5 18. Rd6 Kh7 19. Qd3 Bf5 20. Qd2 Rae8 21. Nd4 Rxe5 22. Nxc6 Rc5 23. Nb5 Qb7 24. Nd8 Qe7 25. b3 Qg5 26. Rd5 Rxd8 27. Rxd8 Be4 28. f3 Bxf3 29. Rf1 Bxg2 30. Qxg2 Qxd8 31. Bxf7 Rg5 0-1

[Event "British Columbia - Alberta Masters B"]
[Site "Victoria CAN"]
[Date "2001.06.15"]
[Round "5"]
[White "Ferguson, Jim"]
[Black "Haessel, Dale"]
[Result "0-1"]
[WhiteElo "2237"]
[BlackElo "2270"]
[PlyCount "74"]
[GameId "2160767911564498"]
[EventDate "2001.06.15"]
[EventType "tourn"]
[EventRounds "5"]
[EventCountry "CAN"]
[SourceTitle "EXT 2022"]
[Source "ChessBase"]
[SourceDate "2021.10.06"]
[SourceVersion "1"]
[SourceVersionDate "2021.10.06"]
[SourceQuality "1"]

1. e4 c5 2. Nf3 d6 3. d4 cxd4 4. Nxd4 Nf6 5. Nc3 a6 6. f3 e5 7. Nb3 Be6 8. Be3 Nbd7 9. Qd2 Be7 10. O-O-O b5 11. g4 b4 12. Na4 a5 13. Qf2 Rb8 14. Ba7 Ra8 15. Bb5 O-O 16. g5 Nh5 17. Be3 Rb8 18. Bc6 Qc7 19. Bxd7 Bxd7 20. Nb6 a4 21. Nd5 Qd8 22. Nd2 Bxg5 23. Bxg5 Qxg5 24. Rhg1 Qd8 25. Nc4 b3 26. axb3 axb3 27. c3 Bb5 28. Nde3 Qc7 29. Qh4 Bxc4 30. Qxh5 g6 31. Nf5 Qa7 32. Rde1 Qa1+ 33. Kd2 Qxb2+ 34. Ke3 Qxc3+ 35. Kf2 Qd2+ 36. Kg3 Qxe1+ 37. Rxe1 gxh5 0-1

[Event "British Columbia - Alberta Masters B"]
[Site "Victoria CAN"]
[Date "2001.06.15"]
[Round "5"]
[White "Wu, Howard"]
[Black "Leblanc, Paul"]
[Result "1-0"]
[WhiteElo "2220"]
[BlackElo "2115"]
[PlyCount "79"]
[GameId "2160767911564501"]
[EventDate "2001.06.15"]
[EventType "tourn"]
[EventRounds "5"]
[EventCountry "CAN"]
[SourceTitle "EXT 2022"]
[Source "ChessBase"]
[SourceDate "2021.10.06"]
[SourceVersion "1"]
[SourceVersionDate "2021.10.06"]
[SourceQuality "1"]

1. e4 c6 2. d4 d5 3. exd5 cxd5 4. c4 Nf6 5. Nc3 e6 6. Nf3 Be7 7. Bd3 O-O 8. O-O b6 9. Bf4 Bb7 10. Rc1 Nbd7 11. cxd5 Nxd5 12. Nxd5 Bxd5 13. Bb1 Nf6 14. Re1 Rc8 15. Ne5 Rxc1 16. Qxc1 Qa8 17. f3 Rc8 18. Qd2 Qb7 19. Qd3 g6 20. b3 Bb4 21. Bd2 Bxd2 22. Qxd2 Qc7 23. Nd3 Bb7 24. Rc1 Qd7 25. Rxc8+ Bxc8 26. Ne5 Qd6 27. Be4 Nxe4 28. fxe4 Bb7 29. Nc4 Qc6 30. e5 Qc7 31. Nd6 Bd5 32. h3 Qe7 33. Qc3 Qg5 34. g3 Qe7 35. Qc8+ Kg7 36. Ne8+ Kh6 37. h4 Qa3 38. Qc3 Qe7 39. Qc1+ g5 40. Nf6 1-0

[Event "British Columbia op"]
[Site "Vancouver CAN"]
[Date "2001.04.13"]
[Round "1"]
[White "Gliksman, David"]
[Black "Tang, Edward"]
[Result "1-0"]
[WhiteElo "2328"]
[BlackElo "1762"]
[PlyCount "61"]
[GameId "2160767911564981"]
[EventDate "2001.04.13"]
[EventType "swiss"]
[EventRounds "6"]
[EventCountry "CAN"]

1. Nf3 d5 2. d4 Nf6 3. e3 c5 4. c3 Nc6 5. dxc5 a5 6. Bb5 Bd7 7. O-O e6 8. c4 dxc4 9. Nc3 Bxc5 10. e4 Qc7 11. Bxc4 O-O 12. Nb5 Qc8 13. Qe2 e5 14. Bg5 Ne8 15. Rac1 Bb6 16. Bd5 Bc7 17. Nxc7 Nxc7 18. Rfd1 Qe8 19. Be3 Na6 20. h3 Kh8 21. a3 f6 22. Nd2 Rc8 23. Nc4 Qg6 24. Kh2 Nc7 25. Nb6 Rcd8 26. Nxd7 Rxd7 27. Bxc6 Rxd1 28. Qxd1 bxc6 29. Rxc6 Ne8 30. Qd5 h6 31. f3 1-0

[Event "British Columbia op"]
[Site "Vancouver CAN"]
[Date "2001.04.13"]
[Round "2"]
[White "Fowler, Steve"]
[Black "Gliksman, David"]
[Result "0-1"]
[WhiteElo "1919"]
[BlackElo "2328"]
[PlyCount "69"]
[GameId "2160767911564982"]
[EventDate "2001.04.13"]
[EventType "swiss"]
[EventRounds "6"]
[EventCountry "CAN"]

1. e4 e6 2. d3 d5 3. Be2 Nf6 4. e5 Nfd7 5. d4 c5 6. c3 Be7 7. Be3 O-O 8. Bd3 Nc6 9. Qh5 g6 10. Qh6 cxd4 11. cxd4 Nb4 12. Ke2 Nxd3 13. Kxd3 b6 14. Nf3 Qc7 15. Rc1 Qb7 16. Nc3 Qa6+ 17. Kd2 Qc4 18. b3 Qb4 19. Ng5 Bxg5 20. Qxg5 Ba6 21. Kc2 Qa3 22. Rd1 Rac8 23. Bc1 Rxc3+ 24. Kxc3 Rc8+ 25. Kd2 Qb4+ 26. Ke3 Qc3+ 27. Kf4 Qxa1 28. Kg3 Qxa2 29. Be3 Bb5 30. h4 h5 31. Rc1 Rxc1 32. Qd8+ Kh7 33. Bh6 Rc3+ 34. Be3 Rxe3+ 35. fxe3 0-1

[Event "British Columbia op"]
[Site "Vancouver CAN"]
[Date "2001.04.14"]
[Round "3"]
[White "Gliksman, David"]
[Black "Hamanishi, Neil"]
[Result "1-0"]
[WhiteElo "2328"]
[BlackElo "1794"]
[PlyCount "65"]
[GameId "2160767911564983"]
[EventDate "2001.04.13"]
[EventType "swiss"]
[EventRounds "6"]
[EventCountry "CAN"]

1. e4 g6 2. d4 Bg7 3. Nc3 c5 4. d5 d6 5. Nf3 Nf6 6. h3 a6 7. a4 O-O 8. Be2 Nbd7 9. O-O Ne8 10. Bg5 f6 11. Be3 b6 12. Nd2 Ne5 13. f4 Nf7 14. Nc4 Rb8 15. Qd2 f5 16. exf5 gxf5 17. Bf2 e5 18. dxe6 Bxe6 19. Nd5 Nf6 20. Bf3 Bxd5 21. Bxd5 Nxd5 22. Qxd5 b5 23. axb5 axb5 24. Na5 Qf6 25. c3 Kh8 26. Nc6 Rb6 27. Rfe1 Nd8 28. Nxd8 Rxd8 29. Ra7 b4 30. Ree7 bxc3 31. Rxg7 Qxg7 32. Rxg7 cxb2 33. Qf7 1-0

[Event "British Columbia op"]
[Site "Vancouver CAN"]
[Date "2001.04.14"]
[Round "4"]
[White "Poitras, Luc"]
[Black "Gliksman, David"]
[Result "0-1"]
[WhiteElo "2189"]
[BlackElo "2328"]
[PlyCount "92"]
[GameId "2160767911564984"]
[EventDate "2001.04.13"]
[EventType "swiss"]
[EventRounds "6"]
[EventCountry "CAN"]

1. e4 e6 2. d4 d5 3. Nc3 dxe4 4. Nxe4 Bd7 5. Nf3 Bc6 6. Bd3 Nd7 7. Qe2 Ngf6 8. Bg5 Be7 9. Nxf6+ Bxf6 10. Bxf6 Nxf6 11. O-O-O Bxf3 12. Qxf3 c6 13. Kb1 Qxd4 14. Bxh7 Qg4 15. Bd3 Qxf3 16. gxf3 Rh3 17. Rdg1 g6 18. Rg3 Rh4 19. Kc1 Ke7 20. h3 Rah8 21. Bf1 Rf4 22. Bg2 Rh5 23. Re1 Rd5 24. Rd1 Re5 25. Rd2 Nh5 26. Rg4 Re1+ 27. Rd1 Rxd1+ 28. Kxd1 Kf6 29. Rxf4+ Nxf4 30. Bf1 g5 31. Kd2 Ke5 32. c3 Nd5 33. Kd3 Nb6 34. Be2 Kf4 35. Kd4 Nd7 36. b4 b6 37. c4 c5+ 38. bxc5 bxc5+ 39. Kc3 Ne5 40. Kb3 Nxf3 41. Ka4 Ng1 42. Bh5 Nxh3 43. Bxf7 e5 44. Kb5 Nxf2 45. Kxc5 g4 46. Bd5 Ne4+ 0-1

[Event "British Columbia op"]
[Site "Vancouver CAN"]
[Date "2001.04.15"]
[Round "5"]
[White "Gliksman, David"]
[Black "Seid, Hee"]
[Result "1-0"]
[WhiteElo "2328"]
[BlackElo "2197"]
[PlyCount "139"]
[GameId "2160767911564985"]
[EventDate "2001.04.13"]
[EventType "swiss"]
[EventRounds "6"]
[EventCountry "CAN"]

1. e4 c6 2. d4 d5 3. exd5 cxd5 4. c4 Nf6 5. Nc3 Nc6 6. Nf3 e6 7. a3 Ne4 8. Bd3 Nxc3 9. bxc3 dxc4 10. Bxc4 Be7 11. O-O Bd7 12. Qd3 Rc8 13. Ba2 O-O 14. c4 Bf6 15. Rb1 b6 16. Bf4 Re8 17. Rbd1 Ne7 18. Ne5 Ba4 19. Bb3 Bxb3 20. Qxb3 Bxe5 21. Bxe5 Nc6 22. c5 f6 23. Bd6 Na5 24. Qb5 Nb7 25. Bg3 Qd5 26. Rb1 Qxd4 27. cxb6 axb6 28. Qxb6 Qxb6 29. Rxb6 Na5 30. Rb2 Nc4 31. Ra2 e5 32. a4 Ra8 33. Rc1 Red8 34. f4 exf4 35. Bxf4 Rd4 36. Bg3 Re4 37. Rb1 f5 38. Rb8+ Rxb8 39. Bxb8 Re8 40. Bg3 Ra8 41. Be1 Kf7 42. a5 Ra6 43. Ra4 Ne5 44. Bc3 Nc6 45. Kf2 g5 46. Rc4 Ke6 47. Rc5 h6 48. Ke3 Ne7 49. Kd4 f4 50. Kc4 g4 51. Re5+ Kd6 52. Re4 Rc6+ 53. Kd4 Nd5 54. Bb2 Nc7 55. Ba3+ Kd7 56. Re7+ Kd8 57. Rf7 Nb5+ 58. Kd5 Rc2 59. Bc5 Nc7+ 60. Kd6 Rd2+ 61. Kc6 Ne6 62. a6 Rxg2 63. Kd6 Ra2 64. Kxe6 Rxa6+ 65. Bd6 Kc8 66. Rc7+ Kb8 67. Rc6+ Kb7 68. Rxa6 Kxa6 69. Bxf4 h5 70. Bg3 1-0

[Event "British Columbia-ch"]
[Site "Vancouver CAN"]
[Date "2001.04.12"]
[Round "1.1"]
[White "Seid, Hee"]
[Black "Jiganchine, Roman"]
[Result "0-1"]
[WhiteElo "2157"]
[BlackElo "2198"]
[PlyCount "98"]
[GameId "2160767911565007"]
[EventDate "2001.04.12"]
[EventType "tourn"]
[EventRounds "9"]
[EventCountry "CAN"]

1. c4 c6 2. g3 d5 3. b3 Bf5 4. Nf3 Nf6 5. Bg2 e6 6. O-O Be7 7. Bb2 O-O 8. d3 h6 9. Nbd2 Nbd7 10. Qc2 Bh7 11. a3 a5 12. Rfe1 Qb6 13. e4 Rac8 14. Re2 Rfd8 15. Nd4 Nf8 16. Qc3 dxe4 17. dxe4 Ne8 18. N2f3 Nd7 19. Rae1 Bf6 20. e5 Be7 21. Bh3 Nf8 22. Kg2 c5 23. Nb5 Rd3 24. Qc1 Rxb3 25. Re3 Rxe3 26. Rxe3 Rd8 27. Bc3 Qa6 28. Nd2 b6 29. f4 Nc7 30. a4 Nxb5 31. cxb5 Qb7+ 32. Kf2 c4 33. Bg2 Qc7 34. Ne4 Nd7 35. Bd4 Nc5 36. Bxc5 Bxc5 37. Nxc5 Qxc5 38. Bf1 Bd3 39. Bxd3 Rxd3 40. Ke2 Rd4 41. Qc3 Qd5 42. Rf3 Rd1 43. Qc2 Rh1 44. Rf2 Qd4 45. Kf3 Rd1 46. Re2 Rd3+ 47. Kg2 c3 48. Kf1 Rd1+ 49. Kg2 Rd2 0-1

[Event "British Columbia-ch"]
[Site "Vancouver CAN"]
[Date "2001.04.12"]
[Round "1.2"]
[White "Milicevic, Dragoljub"]
[Black "Berry, Jonathan"]
[Result "0-1"]
[WhiteElo "2264"]
[BlackElo "2299"]
[PlyCount "92"]
[GameId "2160767911565008"]
[EventDate "2001.04.12"]
[EventType "tourn"]
[EventRounds "9"]
[EventCountry "CAN"]
[SourceTitle "EXT 2002"]
[Source "ChessBase"]
[SourceDate "2001.11.25"]
[SourceVersion "1"]
[SourceVersionDate "2001.11.25"]
[SourceQuality "1"]

1. Nf3 c5 2. g3 g6 3. Bg2 Bg7 4. O-O Nc6 5. c4 Nh6 6. Nc3 Nf5 7. d3 d6 8. Bd2 h5 9. h4 Rb8 10. Rb1 a6 11. e4 Nfd4 12. Nxd4 Nxd4 13. Ne2 Bg4 14. f3 Bd7 15. Bc3 b5 16. Nxd4 cxd4 17. Bd2 O-O 18. b3 a5 19. f4 Qc7 20. Bf3 a4 21. Qc2 Rfc8 22. Rfc1 Qa7 23. Kg2 Bg4 24. Bxg4 hxg4 25. Qd1 f5 26. cxb5 Qb7 27. Rxc8+ Rxc8 28. Rc1 Ra8 29. bxa4 fxe4 30. Qb3+ Kh7 31. Rc6 e3 32. Be1 Rf8 33. Qd5 Rf5 34. Qe6 Bf6 35. Qc8 Qa7 36. Qa6 Qd7 37. Qc8 Qa7 38. Ra6 Rc5 39. Rxa7 Rxc8 40. b6 Rc2+ 41. Kf1 Kh6 42. a3 e5 43. b7 Rb2 44. Bb4 exf4 45. gxf4 e2+ 46. Kg1 Rxb4 0-1

[Event "British Columbia-ch"]
[Site "Vancouver CAN"]
[Date "2001.04.12"]
[Round "1.3"]
[White "Davies, Alex"]
[Black "Fullbrook, Nigel"]
[Result "1/2-1/2"]
[WhiteElo "2336"]
[BlackElo "2259"]
[PlyCount "78"]
[GameId "2160767911565009"]
[EventDate "2001.04.12"]
[EventType "tourn"]
[EventRounds "9"]
[EventCountry "CAN"]
[SourceTitle "EXT 2002"]
[Source "ChessBase"]
[SourceDate "2001.11.25"]
[SourceVersion "1"]
[SourceVersionDate "2001.11.25"]
[SourceQuality "1"]

1. e4 c5 2. Nf3 d6 3. d4 cxd4 4. Nxd4 Nf6 5. f3 Nc6 6. c4 g6 7. Be3 Bg7 8. Nc3 O-O 9. Qd2 Bd7 10. Be2 Rc8 11. O-O a6 12. Rfc1 Re8 13. Rab1 e6 14. Nc2 Ne5 15. b3 Bf8 16. h3 Qc7 17. f4 Nc6 18. g4 h6 19. Bf2 Red8 20. Qe3 Be8 21. Ne1 d5 22. cxd5 exd5 23. exd5 Nxd5 24. Nxd5 Rxd5 25. Bf3 Rd6 26. f5 Qd8 27. fxg6 fxg6 28. Rd1 Bf7 29. Rxd6 Qxd6 30. Rd1 Qa3 31. Bd5 Rd8 32. Bxf7+ Kxf7 33. Qf3+ Kg8 34. Rxd8 Nxd8 35. Qd5+ Nf7 36. Qxb7 Qxa2 37. Qb6 Bd6 38. Qb7 Qe2 39. Qf3 Qxf3 1/2-1/2